Statistiques concernant Films d'animations mals décrits #2

Cliquez ici pour prendre le quiz!

Statistiques générales

  • Ce quiz a été pris 245 fois
  • Le résultat moyen est 7 sur 16

Statistiques - réponses

DescriptionsFilms% Correct
C'est l'histoire d'un conflit familial entre un oncle et son neuveu qui se finit tragiquement un soir où les hyènes n'étaient pas très contentesLe roi lion
99%
C'est l'histoire d'un animal mi-coquille, mi-moteur, qui va super vite et de ses copains qui vont franchement un peu moins viteTurbo
79%
C'est l'histoire d'un directeur de théâtre au fond du trou qui décide de ce mettre encore plus au fond du trou en créant une compétition de chant dont la récompense n'étais pas celle qu'il voulait au départTous en scène
67%
C'est l'histoire d'une famille pas très très cool puisque les parents privent leurs deux enfants de se voir ce qui engendrera un conflit glacialLa reine des neiges
65%
C'est l'histoire d'un petit africain qui court plus vite que n'importe qui dans son village et qui se dit qu'aller sonner chez une sorcière se serait amusantKirikou et la sorcière
58%
C'est l'histoire d'un homme froid qui va se faire embarquer par un groupe composé d'un gros monsieur habillé en rouge, d'un lapin lançant des boomerangs, d'une fée clochette de wish et nuage de sable.Les cinq légendes
55%
C'est l'histoire d'un poisson-homme qui ce lie d'amitié avec un autre poisson-homme et le seul enjeu de ce film c'est de gagner une course de vélo contre la racaille du coinLuca
51%
C'est l'histoire d'une puce géante qui joue de la guitare pour une ange et qui devient connuUn monstre à Paris
40%
C'est l'histoire d'un méchant qui fini par devenir gentil car il se dit qu'être un papa gentil c'est mieux qu'un papa méchant mais aussi parce qu'il fini par tomber amoureux de celle qui l'avait tazé avantMoi, moche et méchant 2
33%
C'est l'histoire d'un gosse qui fini par comprendre que son arrière-arrière grand père n'est pas celui qu'il croyait êtreCoco
32%
C'est l'histoire d'un épéiste n'ayant plus qu'une vie qui va trouver une carte au trésor qui permet à n'importe qui de faire un voeu s'il l'emmène au fond d'une étoile en cristalLe chat potté 2
27%
C'est l'histoire d'une fille qui vit dans la fôret et qui combat la méchante ville à l'aide de ses amis les esprits de la fôretPrincesse Mononoké
19%
C'est l'histoire d'une fille qui emménage dans une nouvelle maison et qui découvre une famille plus sympa que la sienneCoraline
18%
C'est l'histoire d'un père ayant tout perdu dans sa vie sauf une chose qu'il fini par perdre aussi au début du filmLe monde de Nemo
17%
C'est l'histoire d'un jeune super-héros qui voyage entre les dimensions pour combattre un homme trou et sauver son pèreSpider-man across the spiderverse
17%
C'est l'hisoire d'un père de famille qui fini par retrouver le père qui l'avait précédemment abandonné, et il faut dire que ce père est plus vieu et barbu maintenantAvalonia, l'étrange voyage
3%

Distribution des résultats

Percentile par nombre de réponses

% des personnes avec chaque résultat

Votre développement - résultats

Vous n’avez pas pris ce quiz